[Event "VIII MIEDZYNARODOWY TURNIEJ SZACHOWY - GORA SW. ANNY - Open B"]
[Site "GORA SW. ANNY"]
[Date "1899-12-30"]
[Round "8.4"]
[White "Marchewka, Jakub"]
[Black "Guca, Krzysztof"]
[Result "0-1"]
[WhiteTitle "I"]
[BlackTitle "I"]
[WhiteElo "1848"]
[BlackElo "1820"]

1. e4 c5 2. Nf3 d6 3. c3 Nf6 4. Qc2 Nc6 5. d4 cxd4 6. cxd4 e6 7. Nc3 Bd7 8. a3
Rc8 9. Bd3 Be7 10. O-O Qa5 11. Be3 Qh5 12. Be2 Ng4 13. Bf4 g5 14. Bg3 Qg6 15.
h3 h5 16. hxg4 hxg4 17. Nh2 f5 18. exf5 exf5 19. Bxg4 Qh7 20. Rfe1 Kd8 21. Rad1
Bf6 22. f4 Nxd4 23. Qd3 gxf4 24. Bxf4 fxg4 25. Qxh7 Rxh7 26. Bxd6 Rc6 27. Ne4
Bh8 28. Ng5 Rh4 29. Nf7+ Kc8 30. Bg3 Rh7 31. Nxh8 Nf5 32. Be5 g3 33. Nf3 Rch6
34. Kf1 Bb5+ 35. Re2 Rh1+ 36. Ng1 Ne3+ 37. Ke1 Rxg1+ 38. Kd2 Nxd1 39. Re4 Nf2
40. Rb4 Bc6 41. Ng6 Rxg2 42. Nf4 Ne4+ 43. Ke3 Rf2 44. Nd3 g2 0-1

[Event "VIII MIEDZYNARODOWY TURNIEJ SZACHOWY - GORA SW. ANNY - Open B"]
[Site "GORA SW. ANNY"]
[Date "1899-12-30"]
[Round "8.5"]
[White "Kokoszczynski, Jan"]
[Black "Kozaczuk, Witold"]
[Result "0-1"]
[WhiteTitle "I"]
[BlackTitle "I"]
[WhiteElo "1765"]
[BlackElo "1877"]

1. e4 c6 2. d4 d5 3. exd5 cxd5 4. Bd3 Nc6 5. c3 g6 6. Bf4 Bg7 7. Nd2 Nh6 8. Ngf3
O-O 9. O-O f6 10. c4 Kh8 11. cxd5 Nb4 12. Bc4 Nxd5 13. Bxd5 Qxd5 14. Re1 Re8 15.
Ne4 Bg4 16. Nc3 Qf5 17. Bg3 Rad8 18. d5 Bxf3 19. Qxf3 Qxf3 20. gxf3 Nf7 21. Re3
f5 22. Nb5 Bh6 23. f4 Rd7 24. Rae1 Bg7 25. Bh4 a6 26. Nc3 Bf8 27. Re6 Kg8 28.
f3 Nd8 29. R6e2 Kf7 30. a4 Bg7 31. Kf1 Bf6 32. Bg5 Kg7 33. Bxf6+ Kxf6 34. Re5
Rd6 35. a5 e6 36. dxe6 Rdxe6 37. Nd5+ Kf7 38. Nc7 Rxe5 39. fxe5 Re7 40. Nd5 Rd7
41. Nf6 Rd2 42. Re2 Rxe2 43. Kxe2 Nc6 44. f4 h6 45. h4 Nxa5 46. Kd3 Nc6 47. Nd7
a5 48. Kc4 Nb4 49. Nc5 b6 50. Nd7 b5+ 51. Kc5 Nd3+ 52. Kd6 Nxf4 53. Nc5 a4 54.
e6+ Nxe6 55. Nxe6 b4 56. Nd4 a3 57. b3 a2 58. Nc2 f4 59. Kc5 f3 60. Kxb4 f2 0-1

[Event "VIII MIEDZYNARODOWY TURNIEJ SZACHOWY - GORA SW. ANNY - Open B"]
[Site "GORA SW. ANNY"]
[Date "1899-12-30"]
[Round "8.6"]
[White "Wielosz, Jaroslaw"]
[Black "Chylewski, Patryk"]
[Result "1/2-1/2"]
[WhiteTitle "I"]
[BlackTitle "I++"]
[WhiteElo "1939"]
[BlackElo "1994"]

1. c4 e5 2. Nc3 Nf6 3. g3 d5 4. cxd5 Nxd5 5. Bg2 Nb6 6. Nf3 Nc6 7. O-O Be7 8. a3
O-O 9. b4 Be6 10. d3 a5 11. b5 Nd4 12. Rb1 f6 13. Nd2 Nd5 14. Nde4 Qd7 15. e3
Nf5 16. Qc2 Nb6 17. Rd1 Rfd8 18. Na4 Nxa4 19. Qxa4 Bd5 20. Nc3 Bxg2 21. Kxg2 Qe6
22. Bb2 Rd7 23. Qe4 Nd6 24. Qf3 Rad8 25. a4 b6 26. Qd5 Kf7 27. e4 Qxd5 28. Nxd5
Nb7 29. Rbc1 Nc5 30. Rc4 Bf8 31. Kf1 Ke6 32. Ke2 f5 33. f3 g6 34. Bc1 Bg7 35.
Be3 Bf8 36. Bg5 Rc8 37. Be3 Rcd8 38. h3 Bd6 39. Rh1 Bf8 40. g4 Rf7 41. gxf5+ gxf5
42. Rg1 Bd6 43. Rg5 Rdf8 44. h4 fxe4 45. fxe4 Rf1 46. Rg7 R8f7 47. Rxf7 Rxf7 48.
h5 h6 49. Bd2 Rg7 50. Bxh6 Rh7 51. Be3 Rxh5 52. Bxc5 bxc5 53. Kd2 Rh2+ 54. Kc3
Ra2 55. Ne3 Ra3+ 56. Kc2 Ra2+ 57. Kb3 Rd2 58. Kc3 Re2 59. Nc2 Bf8 60. Na1 Kd6
61. Nb3 Bh6 62. Rxc5 Be3 63. Rc6+ Kd7 64. Rg6 Ra2 65. Ra6 Rxa4 66. Rxa5 Bd4+ 67.
Kc2 Rxa5 68. Nxa5 Kd6 69. Nb3 Be3 70. Kc3 c6 71. Kc4 cxb5+ 72. Kxb5 Bf2 73. Na5
Bg1 74. Nc4+ Ke6 75. Kc6 Bd4 76. Nd6 Ba1 77. Nb5 Bb2 78. Nc7+ Ke7 79. Kd5 Kf6
80. Na6 Kg5 81. Nb4 Kf4 82. Nc6 Ba1 83. Na5 Bc3 84. Nc4 Bd4 85. Na3 Ba1 86. Nc2
Bb2 87. Kc4 Bc1 88. Kd5 Bb2 89. Nb4 Ke3 90. Kc4 Kd2 91. Nc6 Ba1 92. Na5 Bb2 93.
Nb3+ Ke3 94. Nc5 Bd4 95. Ne6 Bb2 96. Ng7 Kd2 97. Nf5 Ba1 98. d4 exd4 1/2-1/2

[Event "VIII MIEDZYNARODOWY TURNIEJ SZACHOWY - GORA SW. ANNY - Open B"]
[Site "GORA SW. ANNY"]
[Date "1899-12-30"]
[Round "8.7"]
[White "Bartoszewicz, Marcin"]
[Black "Garbowski, Jakub"]
[Result "0-1"]
[WhiteTitle "I+"]
[BlackTitle "I+"]
[WhiteElo "1968"]
[BlackElo "1781"]

1. e4 e5 2. Nf3 Nc6 3. Bb5 a6 4. Ba4 Nf6 5. O-O Be7 6. Re1 b5 7. Bb3 O-O 8. a4
Bb7 9. d3 d6 10. c3 Re8 11. Na3 Bf8 12. Bg5 b4 13. Nc4 h6 14. Bxf6 Qxf6 15. Ne3
bxc3 16. Nd5 Qd8 17. bxc3 Ne7 18. Ne3 Ng6 19. Bxf7+ Kxf7 20. Qb3+ Re6 21. Qxb7
Nf4 22. d4 exd4 23. cxd4 Kg8 24. Nd5 Nxd5 25. Qxd5 Qe8 26. Rac1 Rc8 27. Rc6 Kh8
28. a5 g6 29. Nd2 Bg7 30. Rec1 Re7 31. Rxa6 c5 32. dxc5 dxc5 33. Rxc5 Rd8 34.
Rd6 Rxd6 35. Qxd6 Rd7 36. Qf4 g5 37. Qe3 Bd4 38. Qa3 Qf8 0-1

[Event "VIII MIEDZYNARODOWY TURNIEJ SZACHOWY - GORA SW. ANNY - Open B"]
[Site "GORA SW. ANNY"]
[Date "1899-12-30"]
[Round "8.8"]
[White "Tabola, Marcin"]
[Black "Korcz, Daniel"]
[Result "1/2-1/2"]
[WhiteTitle "I++"]
[BlackTitle "I+"]
[WhiteElo "1986"]
[BlackElo "1759"]

1. c4 Nf6 2. Nf3 g6 3. b3 Bg7 4. Bb2 O-O 5. d4 b6 6. Nbd2 Bb7 7. Qc2 d6 8. e4 c5
9. d5 e6 10. dxe6 fxe6 11. e5 Ng4 12. exd6 Bxb2 13. Qxb2 Qxd6 14. h3 Nf6 15. Rd1
Qf4 16. g3 Qc7 17. Bg2 Nc6 18. O-O Rae8 19. Rfe1 Bc8 20. Ne4 Nxe4 21. Rxe4 e5
22. Rde1 Bxh3 23. Nxe5 Nxe5 24. Rxe5 Rxe5 25. Rxe5 Bxg2 26. Kxg2 Qc6+ 27. Kg1
Qf6 28. Qe2 Qf3 29. Qd2 Kg7 30. Re7+ Rf7 31. Qb2+ Qf6 32. Qxf6+ Kxf6 33. Re8 Re7
34. Rf8+ Ke5 35. Rd8 Ke6 36. Rd2 Rd7 37. Re2+ Kf5 38. Kg2 h5 39. Re3 g5 40. a4
g4 41. Kf1 Rd2 1/2-1/2

[Event "VIII MIEDZYNARODOWY TURNIEJ SZACHOWY - GORA SW. ANNY - Open B"]
[Site "GORA SW. ANNY"]
[Date "1899-12-30"]
[Round "8.9"]
[White "Parol, Pola"]
[Black "Kulpinski, Piotr"]
[Result "1/2-1/2"]
[WhiteTitle "I++"]
[BlackTitle "I++"]
[WhiteElo "1672"]
[BlackElo "1948"]

1. d4 d5 2. c4 c6 3. Nc3 Nf6 4. Nf3 e6 5. Bg5 Be7 6. e3 O-O 7. cxd5 cxd5 8. Bd3
Nc6 9. Rc1 h6 10. Bh4 Bd7 11. O-O g5 12. Bg3 Nh5 13. Ne5 Nxg3 14. hxg3 Nxe5 15.
dxe5 f5 16. exf6 Rxf6 17. Bb1 Be8 18. e4 Bb4 19. exd5 Bxc3 20. Rxc3 Qxd5 21. Qxd5
exd5 22. Rd1 Bc6 23. a3 Kg7 24. Ba2 Rd8 25. Rcd3 Rfd6 26. Rd4 Kf6 27. f4 R8d7
28. Kf2 Re6 29. Rh1 Kg7 30. Rh5 Rf6 31. Kf3 Re7 32. Bb1 Bb5 33. Bd3 Bc6 34. f5
Re1 35. Kf2 Re7 36. Rh1 Rf8 37. g4 Rf6 38. Bc2 Rf8 39. Rh3 Rf6 40. Bb3 Rd6 41.
Rhd3 Kf6 42. a4 Re5 43. Bd1 Re7 1/2-1/2

[Event "VIII MIEDZYNARODOWY TURNIEJ SZACHOWY - GORA SW. ANNY - Open B"]
[Site "GORA SW. ANNY"]
[Date "1899-12-30"]
[Round "8.10"]
[White "Jedrocha, Katarzyna"]
[Black "Kwiatkowska, Agnieszka"]
[Result "1/2-1/2"]
[WhiteTitle "I++"]
[BlackTitle "I"]
[WhiteElo "1881"]
[BlackElo "1556"]

1. e4 d5 2. exd5 Qxd5 3. Nc3 Qd6 4. d4 Nf6 5. Bc4 c6 6. Nge2 Bf5 7. Bf4 Qd8 8.
O-O e6 9. Ng3 Bg6 10. f3 Bxc2 11. Qd2 Bg6 12. Nge4 Be7 13. Rad1 O-O 14. Nxf6+
Bxf6 15. Ne4 Be7 16. Kh1 Nd7 17. Be3 Nb6 18. Bd3 Nd5 19. Bf2 Bb4 20. Nc3 Bxd3
21. Qxd3 Bd6 22. Nxd5 exd5 23. Rfe1 Re8 24. Rxe8+ Qxe8 25. Re1 Qd7 26. Qd2 Re8
27. Rxe8+ Qxe8 28. Bg3 Bxg3 29. hxg3 Qb8 30. Qe1 Kf8 31. Qb4+ Ke8 32. Qe1+ Kd7
33. Kg1 Qe8 34. Qd2 Qe7 35. Kf2 Qf6 36. Qd3 h6 37. a3 Qg6 38. Qd1 Qd6 39. Qc2
b6 40. Qf5+ Qe6 41. Qc2 Qf6 42. Qd2 Qd6 43. Qd1 Kc7 44. Qd3 Kb7 45. b4 Qg6 46.
Qd1 1/2-1/2

[Event "VIII MIEDZYNARODOWY TURNIEJ SZACHOWY - GORA SW. ANNY - Open B"]
[Site "GORA SW. ANNY"]
[Date "1899-12-30"]
[Round "8.11"]
[White "Domanski, Lukasz"]
[Black "Trepkowski, Piotr"]
[Result "1-0"]
[WhiteTitle "I"]
[BlackTitle "I"]
[WhiteElo "1878"]
[BlackElo "1772"]

1. e4 d5 2. exd5 Qxd5 3. Nc3 Qa5 4. Bc4 Nf6 5. d3 Bg4 6. f3 Bd7 7. Bd2 Qb6 8. Bb3
e6 9. Qe2 Nc6 10. Nh3 Nd4 11. Qf2 Bc5 12. Qf1 Nxc2+ 13. Bxc2 Qxb2 14. Rc1 Nd5
15. Na4 Bxa4 16. Bxa4+ b5 17. Rxc5 bxa4 18. Qe2 Rb8 19. Rc1 Qxa2 20. O-O Rb2 21.
Ra1 Qb3 22. Qd1 O-O 23. Rxa4 Qxd3 24. Bc1 Qxd1 25. Rxd1 Rb1 26. Re1 Nc3 27. Rc4
Nd5 28. Kf1 Rfb8 29. Nf4 Rxc1 30. Rexc1 Ne3+ 31. Kf2 Nxc4 32. Rxc4 Rb7 33. Nd3
Kf8 34. Nc5 Rb2+ 35. Kg3 Ra2 36. Ne4 f5 37. Ng5 a5 38. Rxc7 f4+ 39. Kh3 Re2 40.
g3 h6 41. Ne4 fxg3 42. hxg3 Re3 43. Kg4 a4 44. Ra7 a3 45. Nd6 Rd3 46. Nb5 h5+
47. Kf4 g5+ 48. Ke4 Rd1 49. Rxa3 Rg1 50. f4 h4 51. gxh4 gxh4 52. Rh3 Re1+ 53.
Kd4 Ke7 54. Rxh4 Kf6 55. Rh5 Rf1 56. Ke3 Kg6 57. Re5 Re1+ 58. Kd3 Rd1+ 59. Kc4
Rf1 60. Rxe6+ Kf5 61. Nd4+ Kg4 62. f5 Kg5 63. Kd5 Rf4 64. Rg6+ Kh5 65. Rf6 Kg5
66. Rg6+ Kh5 67. Ke5 Rh4 68. Rg8 1-0

[Event "VIII MIEDZYNARODOWY TURNIEJ SZACHOWY - GORA SW. ANNY - Open B"]
[Site "GORA SW. ANNY"]
[Date "1899-12-30"]
[Round "8.12"]
[White "Rogacka, Natalia"]
[Black "Pacan-milej, Kosma"]
[Result "0-1"]
[WhiteTitle "II+"]
[BlackTitle "I"]
[WhiteElo "1481"]
[BlackElo "1840"]

1. e4 e6 2. d4 d5 3. exd5 exd5 4. Bd3 c5 5. dxc5 Bxc5 6. Nf3 Nf6 7. O-O O-O 8.
h3 Qd6 9. Nc3 Nc6 10. Bg5 Ne7 11. a3 h6 12. Bh4 a6 13. b4 Ba7 14. Ne2 g5 15. Bg3
Qb6 16. Qc1 Ng6 17. h4 g4 18. Ne5 Kg7 19. Bxg6 fxg6 20. Bf4 Rh8 21. c4 Bf5 22.
Be3 Qc7 23. Bf4 Qe7 24. c5 Bb8 25. Qb2 Re8 26. c6 Bxe5 27. Qxe5 0-1

[Event "VIII MIEDZYNARODOWY TURNIEJ SZACHOWY - GORA SW. ANNY - Open B"]
[Site "GORA SW. ANNY"]
[Date "1899-12-30"]
[Round "8.13"]
[White "Milanowski, Jan"]
[Black "Czaplewska, Klara"]
[Result "1/2-1/2"]
[WhiteTitle "I++"]
[BlackTitle "I++"]
[WhiteElo "1950"]
[BlackElo "1720"]

1. e4 e5 2. Nf3 Nc6 3. Be2 Nf6 4. d3 Bc5 5. c3 d6 6. Bg5 h6 7. Bh4 Qe7 8. Nfd2
Be6 9. b4 Bb6 10. a4 a6 11. Na3 O-O 12. Nac4 Ba7 13. b5 Nd8 14. O-O Bxc4 15. Nxc4
Ne6 16. Ne3 Nf4 17. Bf3 Qe6 18. Bg3 Ng6 19. Qd2 c6 20. Qb2 Bxe3 21. fxe3 Qd7 22.
c4 c5 23. h3 a5 24. d4 Qe6 25. dxe5 Nxe5 26. Bxe5 dxe5 27. Qc3 Rfd8 28. Rad1 b6
29. Rd3 Rd6 30. Rxd6 Qxd6 31. Rd1 Qe6 32. Qd3 Re8 33. Qd6 Qxc4 34. Qxb6 Qxa4 35.
Qxc5 Nxe4 36. Qc6 Nf6 37. b6 Qb3 38. Qc5 e4 39. Be2 a4 40. Kf2 a3 41. b7 a2 42.
Qa7 Qb2 43. Qa8 Kh7 44. Re1 Kg8 45. Kf1 Qb1 46. Bc4 a1=Q 47. Qxa1 Qxb7 48. Qa2
Qe7 49. Rd1 Rf8 50. Qf2 Nd7 51. Qf5 Qf6 52. Qxf6 Nxf6 53. g4 g6 54. Rd4 Re8 55.
Kf2 Kg7 56. Kg3 g5 57. Rd6 Re7 58. Bf1 Rd7 59. Ra6 Nd5 60. Kf2 Nc3 61. Bc4 Nd1+
62. Ke2 Nc3+ 63. Kf2 Nd1+ 64. Ke2 Nc3+ 1/2-1/2

[Event "VIII MIEDZYNARODOWY TURNIEJ SZACHOWY - GORA SW. ANNY - Open B"]
[Site "GORA SW. ANNY"]
[Date "1899-12-30"]
[Round "8.14"]
[White "Powalka, Michal"]
[Black "Marko, Piotr"]
[Result "1/2-1/2"]
[WhiteTitle "I++"]
[BlackTitle "II+"]
[WhiteElo "1820"]
[BlackElo "1704"]

1. e4 e5 2. f4 Bc5 3. Nf3 d6 4. Bc4 Nf6 5. d3 O-O 6. Nc3 Nc6 7. Na4 Bg4 8. Nxc5
dxc5 9. h3 Bxf3 10. Qxf3 Nd4 11. Qf2 b5 12. fxe5 Nd7 13. c3 bxc4 14. cxd4 cxd4
15. Qxd4 c5 16. Qe3 cxd3 17. O-O c4 18. Qg3 Re8 19. Bh6 Qb6+ 20. Be3 Qxb2 21.
Rac1 Nxe5 22. Rf2 Qb7 23. Bd4 Qxe4 24. Rxc4 Qe1+ 25. Kh2 d2 26. Bxe5 Rxe5 27.
Qf3 Rf8 28. Rd4 Re3 29. Qf4 d1=Q 30. Rxd1 Rxh3+ 31. gxh3 Qxd1 32. Rg2 Qb1 33.
Qe5 g6 34. Rb2 Qf1 35. Qc7 a6 36. a4 Re8 37. a5 Qf6 38. Rb8 Qf2+ 39. Kh1 Qf1+
40. Kh2 Qe2+ 41. Kh1 Rxb8 42. Qxb8+ Kg7 43. Qb6 Qf1+ 44. Kh2 h5 45. Qb4 Qe2+ 46.
Kg1 Qe6 47. Kh2 Kf6 48. Qf4+ Ke7 49. Qc7+ Kf6 50. Qf4+ Kg7 51. Qb4 Kh6 52. Qf4+
g5 53. Qb4 Qe2+ 54. Kg1 Qd1+ 55. Kg2 Qe2+ 56. Kg1 Qe6 57. Kh2 Kg6 58. Qb6 Kf5
59. Qf2+ Kg6 60. Qb6 h4 61. Qc7 Kh5 62. Qc3 Qe2+ 63. Kg1 Qd1+ 64. Kf2 Qd6 65.
Kg2 Qg3+ 66. Qxg3 hxg3 67. Kxg3 f5 68. Kg2 f4 69. Kh2 Kg6 70. Kg2 Kf6 71. Kf3
Kf5 72. Kf2 Ke4 73. Ke2 f3+ 74. Kf1 Ke3 75. Ke1 Ke4 76. Kf1 Kd3 77. Kf2 Ke4 78.
Kf1 g4 79. hxg4 Kf4 80. Kf2 Kxg4 81. Kf1 Kf4 82. Kf2 Ke4 83. Kf1 Ke3 84. Ke1 Kd3
85. Kf2 Ke4 86. Kf1 Kd4 87. Kf2 Kc4 88. Kxf3 Kb4 89. Ke3 Kxa5 90. Kd2 Kb4 91.
Kc1 1/2-1/2

[Event "VIII MIEDZYNARODOWY TURNIEJ SZACHOWY - GORA SW. ANNY - Open B"]
[Site "GORA SW. ANNY"]
[Date "1899-12-30"]
[Round "8.15"]
[White "Karleszko, Karolina"]
[Black "Golecki, Jan"]
[Result "1-0"]
[WhiteTitle "I+"]
[BlackTitle "I"]
[WhiteElo "1578"]
[BlackElo "1798"]

1. d4 Nf6 2. Nf3 e6 3. Bg5 Be7 4. c4 b6 5. g3 Bb7 6. Bg2 O-O 7. O-O h6 8. Bf4 c5
9. d5 exd5 10. Ne5 d6 11. Nd3 Qd7 12. cxd5 Bxd5 13. Bxd5 Nxd5 14. e4 Nxf4 15.
Nxf4 Bf6 16. Nc3 Bxc3 17. bxc3 Nc6 18. Qd5 Ne7 19. Qd3 Rad8 20. Rad1 g5 21. Nd5
Nxd5 22. Qxd5 Qe6 23. Qxe6 fxe6 24. Rd3 Rf7 25. Rfd1 Rfd7 26. c4 Kf7 27. f4 gxf4
28. gxf4 Kf6 29. Kf2 b5 30. e5+ Ke7 31. cxb5 d5 32. Rg1 Rb8 33. a4 Rf8 34. Ke3
c4 35. Rd2 Kf7 36. Kd4 Rc7 37. Rg3 Ke8 38. Rf2 Kd8 39. a5 Rcf7 40. Rg4 Kc7 41.
Kc5 h5 42. Rg6 Rxf4 43. Rxf4 Rxf4 44. Rxe6 Kd7 45. Rd6+ Ke7 46. Kxd5 c3 47. Rc6
Rf3 48. Kd4 Rf2 49. Rxc3 Rxh2 50. Rc7+ Ke6 51. Rxa7 1-0

[Event "VIII MIEDZYNARODOWY TURNIEJ SZACHOWY - GORA SW. ANNY - Open B"]
[Site "GORA SW. ANNY"]
[Date "1899-12-30"]
[Round "8.16"]
[White "Oglaza, Oskar"]
[Black "Fus, Jakub"]
[Result "1/2-1/2"]
[WhiteTitle "I"]
[BlackTitle "II"]
[WhiteElo "1792"]
[BlackElo "1641"]

1. e4 e6 2. d4 d5 3. Bd3 Nf6 4. e5 Nfd7 5. f4 c5 6. c3 Nc6 7. Nf3 Be7 8. Bc2 cxd4
9. cxd4 f5 10. Nc3 O-O 11. O-O a6 12. h3 h6 13. g4 g6 14. Ne2 Kh7 15. Ng3 Nb6
16. Kg2 Bd7 17. b3 Rc8 18. a3 Na7 19. Bd3 Bb5 20. a4 Bxd3 21. Qxd3 Nc6 22. Rf2
Nb4 23. Qf1 Rc3 24. a5 Nc8 25. Bd2 Rc7 26. g5 h5 27. Qe2 Kg7 28. Ra4 Nc6 29. Nh4
Rh8 30. Bc3 N8a7 31. Rf3 Nb5 32. Qd2 Qd7 33. Qe2 Rhc8 34. Rd3 Qe8 35. Qd2 Nca7
36. Ne2 Nxc3 37. Rxc3 Nb5 38. Rxc7 Rxc7 39. Ra2 Qc8 40. Nf3 Nc3 41. Nxc3 Rxc3
42. Ne1 Kf7 43. Nd3 Rc7 1/2-1/2

[Event "VIII MIEDZYNARODOWY TURNIEJ SZACHOWY - GORA SW. ANNY - Open B"]
[Site "GORA SW. ANNY"]
[Date "1899-12-30"]
[Round "8.17"]
[White "Pytel, Maciej"]
[Black "Ochenduszko, Bartosz"]
[Result "1-0"]
[WhiteTitle "I"]
[BlackTitle "II"]
[WhiteElo "1728"]
[BlackElo "1523"]

1. e4 e5 2. f4 Nf6 3. fxe5 Nxe4 4. Nf3 d5 5. d3 Nc5 6. Be3 Nc6 7. d4 Ne6 8. Bd3
Bd7 9. c3 Be7 10. O-O O-O 11. Bc2 f5 12. c4 Nb4 13. Bb3 dxc4 14. Bxc4 c6 15. Qb3
Nd5 16. Bxd5 cxd5 17. Qxd5 Kh8 18. Qb3 Bg5 19. Bxg5 Nxg5 20. Nc3 Nxf3+ 21. Rxf3
Qh4 22. Rd1 Be8 23. g3 Qe7 24. Nd5 Qd7 25. Nf4 Rd8 26. d5 Qe7 27. Qa3 Rf7 28.
e6 Qxa3 29. Rxa3 Rf6 30. Rxa7 g5 31. Ne2 Rxe6 32. dxe6 Rxd1+ 33. Kf2 Rd6 34. Rxb7
Rxe6 35. Nd4 Re5 36. Nf3 Rb5 37. Rxb5 Bxb5 38. Nxg5 Kg7 39. Ke3 Kf6 40. Kf4 h5
41. Nf3 Bd7 42. Nd4 Kg6 43. h4 Kf6 44. b4 Be8 45. Nxf5 Bg6 46. Nd4 Ke7 47. Ke5
Kd7 48. a4 Kc7 49. a5 Bd3 50. Ne6+ Kc6 51. Nf4 Bf1 52. Nxh5 Kb5 53. Nf6 Kxb4 54.
h5 Kc5 55. h6 Bd3 56. Ne4+ 1-0

[Event "VIII MIEDZYNARODOWY TURNIEJ SZACHOWY - GORA SW. ANNY - Open B"]
[Site "GORA SW. ANNY"]
[Date "1899-12-30"]
[Round "8.18"]
[White "Muzacz, Bartlomiej"]
[Black "Musiala, Jakub"]
[Result "1-0"]
[WhiteTitle "II+"]
[BlackTitle "II"]
[WhiteElo "1791"]
[BlackElo "1536"]

1. e4 c5 2. Nf3 e6 3. d4 cxd4 4. Nxd4 a6 5. Nc3 Qc7 6. Bd3 b5 7. O-O Bb7 8. Be3
Nf6 9. f3 Be7 10. Qd2 Nc6 11. Nxc6 Bxc6 12. a4 b4 13. Ne2 O-O 14. a5 d5 15. e5
Qxe5 16. Bf4 Qh5 17. Ng3 Qh4 18. Bg5 Qd4+ 19. Be3 Qxb2 20. Ne2 Qe5 21. Bf4 Qh5
22. g4 Nxg4 23. Ng3 Qh4 24. fxg4 Qxg4 25. Be2 Bc5+ 26. Be3 Qg5 27. Rf3 e5 28.
Kf1 Bxe3 29. Qxe3 Qxe3 30. Rxe3 f6 31. Rb3 Rfb8 32. Nf5 Kf7 33. Rab1 g6 34. Ne3
Ke6 35. Rxb4 Rxb4 36. Rxb4 f5 37. Rb6 Kd7 38. Rxa6 Rxa6 39. Bxa6 Kd6 40. Bc8 h5
41. h4 f4 42. Nd1 d4 43. Nb2 Bd5 44. Nd3 f3 45. a6 Kc7 46. Bb7 Bc4 47. Kf2 Kb6
48. Nxe5 Bxa6 49. Bxa6 Kxa6 50. Nxg6 Kb5 51. Nf4 Kc4 52. Nxh5 Kc3 53. Nf4 Kxc2
54. Kxf3 1-0

[Event "VIII MIEDZYNARODOWY TURNIEJ SZACHOWY - GORA SW. ANNY - Open B"]
[Site "GORA SW. ANNY"]
[Date "1899-12-30"]
[Round "8.19"]
[White "Karykowska, Anna"]
[Black "Miszkielo, Bartosz"]
[Result "0-1"]
[WhiteTitle "I++"]
[BlackTitle "I"]
[WhiteElo "1605"]
[BlackElo "1736"]

1. e4 c5 2. Nf3 Nc6 3. d4 cxd4 4. Nxd4 Nf6 5. Nc3 e5 6. Ndb5 d6 7. Bg5 a6 8. Na3
b5 9. Nd5 Be7 10. Bxf6 Bxf6 11. c4 b4 12. Nc2 a5 13. Qf3 Be6 14. Rd1 Bxd5 15.
Rxd5 Qc7 16. Be2 a4 17. O-O O-O 18. Rfd1 Rfb8 19. b3 axb3 20. Qxb3 Na5 21. Qd3
b3 22. axb3 Nxb3 23. Rb5 Nc5 24. Qf3 Rxb5 25. cxb5 Ne6 26. Bd3 Qc5 27. g3 Ra2
28. Ne3 Nd4 29. Qg4 Bg5 30. Nf5 Nxf5 31. Rf1 Nd4 32. Kg2 h6 33. h4 Bf6 34. Qd7
Ra8 35. Rb1 Rd8 36. Qg4 Ne6 37. Rb2 Qd4 38. Rd2 Qc3 39. Rd1 Rb8 40. Be2 Qb4 41.
Rc1 Qb2 42. Rc6 Nd4 43. Rc8+ Rxc8 44. Qxc8+ Kh7 45. Bg4 Qxb5 46. Bf5+ g6 47. Bd7
Qe2 48. Qb7 Qf3+ 49. Kh2 Qxf2+ 50. Kh3 Qf1+ 0-1

[Event "VIII MIEDZYNARODOWY TURNIEJ SZACHOWY - GORA SW. ANNY - Open B"]
[Site "GORA SW. ANNY"]
[Date "1899-12-30"]
[Round "8.20"]
[White "Tkaczyk, Weronika"]
[Black "Maminski, Hubert"]
[Result "0-1"]
[WhiteTitle "I"]
[BlackTitle "II+"]
[WhiteElo "1464"]
[BlackElo "1654"]

1. e4 c5 2. Nf3 e6 3. d4 cxd4 4. Nxd4 Nf6 5. Nc3 Nc6 6. Be3 Bb4 7. Bd3 d5 8. exd5
Qxd5 9. Nxc6 Qxc6 10. Bd2 Qxg2 11. Rf1 O-O 12. Qe2 Qg4 13. Qxg4 Nxg4 14. O-O-O
Nf6 15. Rg1 Kh8 16. Rg3 Nd5 17. Rdg1 g6 18. h4 Nxc3 19. bxc3 Bd6 20. f4 Kg7 21.
h5 Kf6 22. c4 Ke7 23. hxg6 hxg6 24. Kb2 Bd7 25. Be4 Bc6 26. Re1 Rac8 27. Rb3 Bxe4
28. Rxe4 b6 29. Rd3 Bc5 30. c3 Rcd8 31. Rxd8 Rxd8 32. Re2 Kf6 33. Be1 Kf5 34.
Bd2 Bd6 35. Rf2 Ke4 36. Kc2 Bc5 37. Rh2 Be3 38. Bxe3 Kxe3 39. Rh7 Rd7 40. Rh4
Kf3 41. Kb3 Kg3 42. Rh1 Kxf4 43. Kb4 Rc7 44. a4 f5 45. a5 g5 46. Rf1+ Ke5 47.
Re1+ Kd6 48. Kb5 Rc5+ 49. Kb4 Rxa5 50. Rd1+ Ke5 51. Re1+ Kf6 52. Rh1 f4 53. Rh8
g4 54. Rf8+ Ke5 55. Rg8 g3 56. Rg5+ Ke4 0-1

[Event "VIII MIEDZYNARODOWY TURNIEJ SZACHOWY - GORA SW. ANNY - Open B"]
[Site "GORA SW. ANNY"]
[Date "1899-12-30"]
[Round "8.21"]
[White "Pytel, Przemyslaw"]
[Black "Bogut, Maksymilian"]
[Result "0-1"]
[WhiteTitle "II+"]
[BlackTitle "II"]
[WhiteElo "1638"]
[BlackElo "1445"]

1. e4 e5 2. Nf3 Nc6 3. Bc4 Bc5 4. c3 Nf6 5. d3 d6 6. O-O Bg4 7. h3 Bh5 8. Nbd2
Qd7 9. b4 Bb6 10. Re1 O-O 11. Nf1 d5 12. exd5 Nxd5 13. Bxd5 Qxd5 14. c4 Bxf3 15.
cxd5 Bxd1 16. dxc6 Bd4 17. Bb2 Bxb2 18. Raxd1 bxc6 19. Rb1 Bd4 20. Rec1 c5 21.
bxc5 Rab8 22. c6 Rb6 23. Rxb6 axb6 24. Ne3 Bxe3 25. fxe3 Ra8 26. Rc2 Ra3 27. Kf2
Rxd3 28. Ke2 e4 29. Rc4 f5 30. a4 Kf7 31. g4 g6 32. a5 bxa5 33. Rc5 Ke6 34. Rxa5
Rc3 35. gxf5+ gxf5 36. Ra8 Kf7 37. Kf2 Rxc6 38. Kg3 Rc1 39. Ra6 Ke7 40. Rh6 Rg1+
41. Kf2 Rg7 0-1

[Event "VIII MIEDZYNARODOWY TURNIEJ SZACHOWY - GORA SW. ANNY - Open B"]
[Site "GORA SW. ANNY"]
[Date "1899-12-30"]
[Round "8.22"]
[White "Trusz, Julia"]
[Black "Stolarski, Adam"]
[Result "1/2-1/2"]
[WhiteTitle "I"]
[BlackTitle "II"]
[WhiteElo "1556"]
[BlackElo "1423"]

1. e4 e5 2. Nf3 Nc6 3. d4 exd4 4. Nxd4 Nf6 5. Nxc6 bxc6 6. Bd3 Bc5 7. O-O d6 8.
Nc3 Bg4 9. Qe1 O-O 10. Na4 Bb6 11. Nxb6 cxb6 12. f3 Bh5 13. Qh4 Re8 14. Bg5 Bg6
15. Bxf6 Qxf6 16. Qxf6 gxf6 17. Rad1 Rad8 18. c4 Re7 19. Rd2 Red7 20. Rfd1 Kf8
21. Bc2 Ke7 22. Ba4 Rc7 23. Kf2 f5 24. e5 d5 25. cxd5 cxd5 26. Rxd5 Rxd5 27. Rxd5
Ke6 28. Bb3 Ke7 29. f4 f6 30. exf6+ Kxf6 31. g3 Bf7 32. Rd2 Bxb3 33. axb3 Ke6
34. Kf3 Rc5 35. g4 Rb5 36. Rd3 fxg4+ 37. Kxg4 Rb4 38. Rh3 a5 39. Rc3 Kf6 40. h3
Kg6 41. Rd3 h5+ 42. Kf3 Kf5 43. Rd5+ Kg6 44. Rd3 Kf5 45. Ke3 Re4+ 46. Kd2 Kxf4
47. Rd5 Re5 48. Rd3 Rb5 49. Rc3 Rd5+ 50. Ke2 Re5+ 1/2-1/2

[Event "VIII MIEDZYNARODOWY TURNIEJ SZACHOWY - GORA SW. ANNY - Open B"]
[Site "GORA SW. ANNY"]
[Date "1899-12-30"]
[Round "8.24"]
[White "Szotkowski, David"]
[Black "Kotula, Magdalena"]
[Result "0-1"]
[WhiteTitle "III"]
[BlackTitle "I+"]
[WhiteElo "1527"]
[BlackElo "1594"]

1. e4 c5 2. Nf3 Nc6 3. Bb5 g6 4. Bxc6 dxc6 5. O-O Bg7 6. Re1 Nf6 7. e5 Nd5 8. d3
O-O 9. Nbd2 b6 10. Ne4 Bg4 11. Ng3 h5 12. h3 h4 13. Nf1 Bh5 14. N1h2 Qd7 15. Bd2
f6 16. e6 Qd6 17. Qc1 g5 18. a4 Nc7 19. Re2 Nxe6 20. Qe1 Bf7 21. Rd1 Rfe8 22.
Bc3 Nf4 23. Red2 e5 24. Ng4 Bd5 25. Qe3 Qc7 26. a5 e4 27. dxe4 Rxe4 28. Qxe4 Bxe4
29. Rd7 Ne2+ 0-1

[Event "VIII MIEDZYNARODOWY TURNIEJ SZACHOWY - GORA SW. ANNY - Open B"]
[Site "GORA SW. ANNY"]
[Date "1899-12-30"]
[Round "8.27"]
[White "Jacek, Nikola"]
[Black "Milczarek, Pawel"]
[Result "0-1"]
[WhiteTitle "II+"]
[BlackTitle "III"]
[WhiteElo "1228"]
[BlackElo "1360"]

1. e4 e5 2. Nf3 Nc6 3. Nc3 Bb4 4. a3 Ba5 5. d4 exd4 6. Nxd4 Nxd4 7. Qxd4 Qf6 8.
e5 Bxc3+ 9. Qxc3 Qc6 10. Qxc6 dxc6 11. Bd3 Be6 12. Bg5 h6 13. Bh4 g5 14. Bxg5
hxg5 15. O-O-O Bd5 16. f3 O-O-O 17. Bf5+ Kb8 18. c4 Ne7 19. cxd5 Nxf5 20. g4 Ne3
21. Rd3 Nxd5 22. Rd2 a6 23. Rhd1 Rhe8 24. Rd3 Rxe5 25. R1d2 Rde8 26. h3 Re1+ 27.
Kc2 R1e2 28. b3 Rxd2+ 29. Rxd2 Kc8 30. Rh2 Nf4 31. h4 Re2+ 32. Rxe2 Nxe2 33. h5
Nf4 34. Kc3 Kd7 35. Kd4 Ke6 36. h6 Kf6 37. h7 Kg7 38. Ke4 Kxh7 39. Kf5 Kg7 40.
Kxg5 Ne6+ 41. Kh4 Nd4 42. b4 Nxf3+ 43. Kg3 Nd4 44. Kf4 Nc2 45. g5 Nxa3 46. Kf5
Nc2 47. Kf4 Nxb4 48. Ke3 a5 0-1

[Event "VIII MIEDZYNARODOWY TURNIEJ SZACHOWY - GORA SW. ANNY - Open B"]
[Site "GORA SW. ANNY"]
[Date "1899-12-30"]
[Round "8.28"]
[White "Ostrowski, Zdzislaw"]
[Black "Majocha, Tomasz"]
[Result "1-0"]
[WhiteTitle "II"]
[BlackTitle "III"]
[WhiteElo "1253"]
[BlackElo "1244"]

1. Nf3 Nc6 2. d4 b6 3. c4 Bb7 4. Nc3 e6 5. e4 Bb4 6. Qc2 Nge7 7. Bd3 O-O 8. Bd2
Bxc3 9. Bxc3 d5 10. O-O a5 11. a4 Ba6 12. b3 Nb4 13. Bxb4 axb4 14. Rad1 c5 15.
exd5 exd5 16. Bxh7+ Kh8 17. Bd3 dxc4 18. Bxc4 Bxc4 19. Qxc4 Qc7 20. d5 Rad8 21.
Qh4+ Kg8 22. Ng5 Rfe8 23. Qh7+ Kf8 24. Qh8+ Ng8 25. Nh7+ Ke7 26. Qxg7 Kd7 27.
Qxf7+ Kc8 28. Qxc7+ Kxc7 29. Ng5 Kb7 30. h4 Nf6 31. d6 Nd7 32. h5 Kc6 33. h6 Rg8
34. f4 Rdf8 35. h7 Rh8 36. g3 Nf6 37. Kg2 Nxh7 38. Nxh7 Rxh7 39. Rfe1 Rd7 40.
Re6 Rfd8 41. Kf3 Rxd6 42. Rdxd6+ Rxd6 43. Rxd6+ Kxd6 44. Ke4 Ke6 45. g4 c4 46.
bxc4 b3 47. Kd3 1-0